Loading...
| Auditory Arts | 3 | 6.67 | 67% | 0% | 0% |
| Beliefs | 6 | 15.00 | 100% | 50% | 0% |
| Current Events | 4 | 17.50 | 100% | 75% | 0% |
| Fine Arts - Other Arts | 1 | 10.00 | 100% | 0% | 0% |
| Geography | 1 | 0.00 | 0% | 0% | 0% |
| History - American History | 3 | 6.67 | 67% | 0% | 0% |
| History - Ancient History | 1 | 10.00 | 100% | 0% | 0% |
| History - European History | 2 | 20.00 | 100% | 50% | 50% |
| History - Other History | 1 | 20.00 | 100% | 100% | 0% |
| Literature - American Literature | 3 | 10.00 | 100% | 0% | 0% |
| Literature - British Literature | 4 | 12.50 | 100% | 25% | 0% |
| Literature - European Literature | 5 | 14.00 | 100% | 40% | 0% |
| Literature - World Literature | 5 | 16.00 | 100% | 40% | 20% |
| Philosophy | 3 | 3.33 | 33% | 0% | 0% |
| Science - Biology | 2 | 10.00 | 100% | 0% | 0% |
| Science - Chemistry | 3 | 3.33 | 33% | 0% | 0% |
| Science - Other Science | 4 | 5.00 | 50% | 0% | 0% |
| Science - Physics | 3 | 6.67 | 67% | 0% | 0% |
| Social Science | 5 | 12.00 | 100% | 20% | 0% |
| Visual Arts | 2 | 10.00 | 100% | 0% | 0% |